000
00206 a2200109 4500
020
_a
9788490329344
041
_a
spa
100
_a
Alice Munro
245
_a
Amistad de Juventud
942
_c
BK
952
_7
1
999
_c
24501
_d
24501